000 00824nam a22002297a 4500
005 20120411115531.0
008 120411t xxu||||| |||| 00| 0 eng d
010 _aENG-105060
020 _a9788184841275
_c1350.00
035 _aEN-88593
037 _bDBAD/PUB
040 _aDPL
_bEng
082 _a305.420954
100 _944715
_aParamasivan, C.
245 _aWomen empowerment :
_cby C.Paramasivan
_b issues and challenges /
260 _aNew Delhi
_bRegal Publications
_c2012
270 _aF-159, Rajouri Garden,
_bNew Delhi
_e110027
300 _axiii,338p.
_c22cm(Hb)
500 _aIncludes index
942 _2ddc
_cEN
_mPAR
_h305.420954
999 _c65223
_d65223